Statistiques concernant Championnats du Monde de Handball, tous les participants

Cliquez ici pour prendre le quiz!

Statistiques générales

  • Ce quiz a été pris 215 fois
    (98 depuis la dernière actualisation)
  • Le résultat moyen est 45 sur 63

Statistiques - réponses

PaysParticipationsTitres% Correct
France246
100%
Espagne222
99%
Allemagne263
95%
Danemark253
95%
Suède264
95%
Russie141
94%
Algérie16
93%
Norvège17
93%
Portugal3
93%
Chine2
92%
Japon15
92%
Argentine14
89%
Etats Unis7
89%
Maroc8
88%
Suisse11
88%
Brésil16
87%
Croatie151
87%
Australie7
85%
Pologne17
85%
Autriche7
84%
Canada3
82%
Slovénie10
82%
Italie1
81%
République Tchèque6
81%
Serbie5
81%
Serbie-et-Monténégro5
81%
Hongrie22
80%
Islande22
80%
Tunisie16
80%
Egypte17
79%
Finlande1
78%
Qatar9
78%
Roumanie144
76%
Corée du sud13
75%
Corée Unifiée1
75%
Pays-bas2
75%
Slovaquie2
75%
Belgique1
74%
Gréce1
74%
Ukraine2
72%
Chili7
69%
Uruguay2
69%
Yougoslavie101
67%
Lituanie1
66%
URSS81
65%
Monténégro2
61%
Arabie Saoudite10
60%
Biélorussie5
59%
Bulgarie2
59%
Iran2
59%
Bosnie Herzégovine1
58%
Macédoine du Nord8
56%
RD Congo1
53%
Tchécoslovaquie121
51%
Luxembourg1
44%
RDA8
44%
Cuba7
42%
Bahreïn5
41%
Angola5
39%
Nigeria1
33%
Koweït8
28%
Cap-Vert2
21%
Groenland3
16%

Distribution des résultats

Percentile par nombre de réponses

% des personnes avec chaque résultat

Votre développement - résultats

Vous n’avez pas pris ce quiz depuis la dernière actualisation